The Hawk eye

Bibliographic Details
Previous Title:Burlington hawk-eye (Burlington, Iowa : 1960)
Format: Electronic Newspaper
Language:English
Published: Burlington, Iowa : Burlington Hawk Eye Co., 1972-
Subjects:
Online Access:Full text available from Research Library: 01/04/1993 to 06/27/1997

MARC

LEADER 00000nas a22000007a 4500
001 ssj0025230
003 WaSeSS
005 20200512172242.0
006 m d
007 cr n
008 851221c19729999iaudn nes 0 a0eng d
010 |a sn 85049907  
022 |l 1073-9297  |y 1073-9297 
032 |a 079960  |b USPS 
035 |a (WaSeSS)ssj0025230 
037 |b Burlington Hawk Eye Co., 800 S. Main St. POB 10, Burlington, IA 52601-0010 
040 |a INP  |b eng  |c INP  |d NSD  |d CUS  |d TJC  |d OCLCQ  |d OCLCF  |d OCLCQ  |d RDF  |d OCLCQ  |d WaSeSS 
042 |a msc  |a nsdp 
043 |a n-us-ia 
130 0 |a Hawk eye (Burlington, Iowa : 1972) 
222 4 |a The Hawk eye  |b (1972) 
245 1 4 |a The Hawk eye  |h [electronic resource]. 
260 |a Burlington, Iowa :  |b Burlington Hawk Eye Co.,  |c 1972- 
310 |a Daily (except Saturday) 
362 0 |a 136th year, no. 19 (July 31, 1972)- 
500 |a Editor: John McCormally, July 31, 1972- 
506 |a License restrictions may limit access. 
515 |a 136th year, no. 20 (Aug. 1, 1972) misnumbered and misdated 136th year, no. 19 (July 31, 1972). 
588 |a Latest issue consulted: 157th year, no. 129 (Dec. 3, 1993). 
651 0 |a Burlington (Iowa)  |v Newspapers. 
651 7 |a Iowa  |z Burlington.  |2 fast  |0 (OCoLC)fst01216205 
655 0 |a Electronic journals. 
752 |a United States  |b Iowa  |c Des Moines  |d Burlington. 
780 0 0 |t Burlington hawk-eye (Burlington, Iowa : 1960)  |w (DLC)sn 85049906 
856 4 0 |z Full text available from Research Library: 01/04/1993 to 06/27/1997  |u https://search.proquest.com/publication/46025